000
00303nam a22001097a 4500
008
151012t xxu||||| |||| 00| 0 eng d
020
_a
978-1-4051-3543-6
100
_a
Nandini Shetty
_9
1339
245
_a
Infectious Disease: Pathogenesis, Prevention and Case Studies
300
_a
00
942
_2
ddc
_c
BK
999
_c
479875
_d
479875